| 000 | 01263nam a22002297a 4500 | ||
|---|---|---|---|
| 999 |
_c57094 _d57094 |
||
| 003 | Ge_BSU | ||
| 005 | 20191115150726.0 | ||
| 008 | 191115s2016 ||||| |||| 00| 0 geo d | ||
| 020 | _a9789941094255 | ||
| 041 | _ageo | ||
| 080 | _a339.186(479.22)+336.1(479.22) კ-49 | ||
| 100 |
_aკიკვაძე, ოთარ _95361 |
||
| 245 |
_aსახელმწიფო შესყიდვების სრულყოფა საჯარო ფინანსების ადმინისტრირებაში : _b [მონოგრაფია] / _cოთარ კიკვაძე ; რედ. დავით ნარმანია. |
||
| 264 |
_aთბილისი : _bთეკა & კომპანია, _c2016. |
||
| 300 |
_a164 გვ. : _bდიაგრ., ცხრ. ; _c20 სმ. |
||
| 505 | _aბიბლიოგრ.: გვ. 157-163. | ||
| 653 | _aსახელმწიფო შესყიდვები საქართველოში | ||
| 653 | _aსაქართველოს სახელმწიფო ფინანსები | ||
| 653 | _aეკონომიკა | ||
| 700 |
_aნარმანია, დავით _eრედაქტორი _92168 |
||
| 942 |
_2udc _cBK |
||